Responses for Show #5780 - Friday, October 30, 2009

Christine Valada game 5.

Contestants

[<< previous game]

Chris Rodrigues, a personal banking representative from New Bedford, Massachusetts

Roopa Kalyanaraman Marcello, a public health professional from Brooklyn, New York

Christine Valada, a photographer and attorney originally from Walton, New York (whose 4-day cash winnings total $68,703)

[next game >>]

Jeopardy! Round responses

BRIDGES
BROTHERHOOD & SISTERHOOD
MILITARY DUDES
TURN ON
TUNE "IN"
DROP OUT
    $200 1
a drawbridge

Chris
    $200 7
Rosa Parks

Chris
    $200 17
a Crusade

Chris
    $200 10
Amy Poehler

Roopa
    $200 21
(Christine: What is tennis?)

badminton

ChristineRoopa
    $200 2
Jesse Ventura

Christine
    $400 3
the Golden Gate Bridge

Christine
    $400 8
Ireland

Chris
    $400 18
the Navy

Chris
    $400 11
Bones

Roopa
    $400 22
(Roopa: What is Suriname?)
...
(Alex: What is [*]?--their neighbors on Hispaniola.)

the Dominican Republic

Roopa
Triple Stumper
    $400 15
(Chris: Who is Steve Jobs and...)

Steve Jobs & Steve Wozniak

ChristineChris
    $600 4
a cantilever bridge

Triple Stumper
    $600 9
the Sisterhood of the Traveling Pants

Roopa
    $600 19
Hannibal

Christine
    $600 12
Gossip Girl

Triple Stumper
    $600 25
an assassin

Chris
    $600 16
Kroc

Chris
    $800 5
Lake Pontchartrain

Christine
    $800 20
the Muslim Brotherhood

Triple Stumper
    $800 26
the United States Army Air Force

Chris
    $800 13
Tori Spelling

Roopa
    $800 28
(Christine: What is a Sphynx?)

an Abyssinian

ChristineRoopa
    $800 23
(John Jacob) Astor

Roopa
    $1000 6
trusses

Triple Stumper
    $1000 27
Argentina

Triple Stumper
    $1000 14
Burn Notice

Christine
    $1,000 29
[The end-of-round signal sounds.]

linguine

Roopa
    $1000 24
(Alex: With less than a minute now.)

Carnegie

Christine

Scores at the first commercial break (after clue 15):

Christine Roopa Chris
$2,800 $2,000 $400

Scores at the end of the Jeopardy! Round:

Christine Roopa Chris
$3,400 $4,400 $3,000

Double Jeopardy! Round responses

SCIENCE
BEST FOREIGN LANGUAGE FILM
(Alex: You have to identify the country that produced the film.)
"TRICK" OR "TREAT"
JACKETS REQUIRED
ARTSY
(Wolf Blitzer: I'm Wolf Blitzer of CNN, and thou art in...)
THE SHAKESPEAREAN ROOM
    $400 6
roses

Christine
    $400 7
Italy

Roopa
    $400 9
pretreat

Chris
    $400 19
a blazer

Roopa
    $400 15
(Alex: [*] is right. It's on a panel.)

wood

Chris
    $400 1
Hamlet

Christine
    $800 8
3-D movies

Chris
    $800 10
a hat trick

Chris
    $800 22
tweed

Roopa
    $800 16
(Gilbert) Stuart

Christine
    $800 2
Shylock

Chris
    $1200 12
evolution

Chris
    $1200 29
[The end-of-round signal sounds.]

Sweden

Triple Stumper
    $1200 11
a retreat

Roopa
    $1200 23
a pea coat

Chris
    $1200 17
Realism

Chris
    $1200 3
Brutus

Chris
    $1600 20
wind

Roopa
    $1600 26
Japan

Triple Stumper
    $1600 13
In Treatment

Chris
    $1600 24
a bolero

Roopa
    $1,400 18
(Alex: You are right--the founder of the Jesuits.)

Ignatius Loyola

Chris
    $1600 4
The Tempest

Roopa
    $2000 21
fault lines

Chris
    $2000 27
Czechoslovakia

Triple Stumper
    $2000 14
treatise

Christine
    $2000 25
Nehru

Roopa
    $2000 28
frottage

Triple Stumper
    $2,000 5
(Roopa: Who is Banquo?)
(Alex: No, Banquo dies early--who is [*]?)

Malcolm

Roopa

Scores at the end of the Double Jeopardy! Round:

Christine Roopa Chris
$7,000 $12,000 $16,000

[wagering suggestions for these scores]

Final Jeopardy! Round responses

PRESIDENTIAL NAMES
(Chris: I didn't get--I didn't finish it. It was gonna be William Henry Harrison.)
ChristineWho is
$3,000
RoopaWho is Coolidge
$8,008
ChrisWho was William H
$8,001
Millard Fillmore

Final scores:

Christine Roopa Chris
$4,000 $3,992 $7,999
2nd place: $2,000 3rd place: $1,000 New champion: $7,999

Game dynamics:

Coryat scores:

Christine Roopa Chris
$7,000 $14,000 $16,200
11 R,
2 W
16 R
(including 1 DD),
2 W
(including 1 DD)
20 R
(including 1 DD),
1 W

Combined Coryat: $37,200

[game clues] [game scores] [suggest correction]

Game tape date: 2009-09-29
The J! Archive is created by fans, for fans. Scraping, republication, monetization, and malicious use prohibited; this site may use cookies and collect identifying information. See terms. The Jeopardy! game show and all elements thereof, including but not limited to copyright and trademark thereto, are the property of Jeopardy Productions, Inc. and are protected under law. This website is not affiliated with, sponsored by, or operated by Jeopardy Productions, Inc. Join the discussion at JBoard.tv.